| 000 | 00897 a2200313 4500 | ||
|---|---|---|---|
| 001 | 200423867 | ||
| 650 | 0 |
_aHuman rights _zTurkey _919348 |
|
| 650 | 0 |
_aMedeni haklar _zTürkiye _992257 |
|
| 650 | 0 |
_aCivil rights _zTurkey _934511 |
|
| 999 |
_c200423867 _d40653 |
||
| 003 | TR-AnTOB | ||
| 005 | 20231208001034.0 | ||
| 008 | 160218s2015 tu 000 0 d | ||
| 020 | _a9786051522708 | ||
| 040 |
_beng _dTR-AnTOB _erda |
||
| 041 | _atur | ||
| 050 | 4 |
_aKKX1155 _b.B69 2015 |
|
| 090 | _aKKX1155 .B69 2015 | ||
| 100 | 1 |
_aBozbel, Savaş _9112161 |
|
| 245 | 1 | 0 |
_aFikri mülkiyet hukuku / _cSavaş Bozbel. |
| 264 | 1 |
_aİstanbul: _bOn İki Levha Yayıncılık, _c2015. |
|
| 300 |
_aL, 843 pages ; _c24 cm. |
||
| 336 |
_atext _btxt _2rdacontent |
||
| 337 |
_aunmediated _bn _2rdamedia |
||
| 338 |
_avolume _bnc _2rdacarrier |
||
| 650 | 0 |
_aİnsan hakları _zTürkiye _919346 |
|
| 902 | _a0050446 | ||
| 942 | _cBK | ||